Heat pump applications, (Record no. 545832)

000 -LEADER
fixed length control field 00501cam a2200169 4500
082 ## - DEWEY DECIMAL CLASSIFICATION NUMBER
Classification number 621.4025
Author Mark KEM
100 1# - MAIN ENTRY--PERSONAL NAME
Personal name Kemler, Emory N.
9 (RLIN) 41794
245 10 - TITLE STATEMENT
Title Heat pump applications,
Statement of responsibility, etc. by Emory N. Kemler and Sabert Oglesby, Jr.
250 ## - EDITION STATEMENT
Edition statement 1st ed.
260 ## - PUBLICATION, DISTRIBUTION, ETC.
Place of publication, distribution, etc. New York,
Name of publisher, distributor, etc. McGraw-Hill
Date of publication, distribution, etc. [c1950]
300 ## - PHYSICAL DESCRIPTION
Extent vii, 300 p.
Other physical details diagrs.
Dimensions 24 cm.
526 ## - STUDY PROGRAM INFORMATION NOTE
Program name 0
Interest level 0
Reading level 0
Title point value 621_402500000000000_KEM
650 #0 - SUBJECT ADDED ENTRY--TOPICAL TERM
Topical term or geographic name entry element Heat pumps.
9 (RLIN) 41795
650 #0 - SUBJECT ADDED ENTRY--TOPICAL TERM
Topical term or geographic name entry element MCE
9 (RLIN) 379
700 1# - ADDED ENTRY--PERSONAL NAME
Personal name Oglesby, Sabert,
9 (RLIN) 41796
942 ## - ADDED ENTRY ELEMENTS (KOHA)
Source of classification or shelving scheme
Koha item type Book
Holdings
Withdrawn status Lost status Source of classification or shelving scheme Damaged status Not for loan Permanent Location Current Location Date acquired Total Checkouts Full call number Barcode Date last seen Price effective from Koha item type
          Military College of Engineering (MCE) Military College of Engineering (MCE) 05/29/2014   621.4025 KEM MCE-41714 05/29/2014 05/29/2014 Book
© 2023 Central Library, National University of Sciences and Technology. All Rights Reserved.